000 00266nam a2200097 4500
008 241202b |||||||| |||| 00| 0 eng d
245 _aThe Radical Humanist
_cMahi Pal Singh
260 _aDelhi
_bSheoraj Singh
_c2024
300 _aVol.88 No.7
942 _2ddc
_cSR
_mRAD
_s1
999 _c207284
_d207284